Central Library OPAC University of Rajshahi

সাম্প্রতিক প্রত্ন-গবেষণায় বাংলাদেশের সাংস্কৃতিক ঐতিহ্য পুনর্গঠনের সম্ভাবনা / (Record no. 44063)

MARC details
000 -LEADER
fixed length control field 01019nam a2200229 a 4500
001 - CONTROL NUMBER
control field 44063
003 - CONTROL NUMBER IDENTIFIER
rucl marc code BD-RjUL
005 - DATE AND TIME OF LATEST TRANSACTION
control field 20211209053808.0
008 - FIXED-LENGTH DATA ELEMENTS--GENERAL INFORMATION
fixed length control field 160713s2008 bg ||||| |||| 00| 0 ben d
020 ## - INTERNATIONAL STANDARD BOOK NUMBER
International Standard Book Number 9840746456
Terms of availability : Tk.120.00
035 ## - SYSTEM CONTROL NUMBER
System control number (BD-RjUL)44181
040 ## - CATALOGING SOURCE
Original cataloging agency BD-RjUL
Language of cataloging ben
Transcribing agency BD-RjUL
Modifying agency BD-RjUL
041 ## - LANGUAGE CODE
Language code of text/sound track or separate title ben
082 ## - DEWEY DECIMAL CLASSIFICATION NUMBER
Edition number 23
Classification number 930.1072
Author mark and year SHS 2008
100 ## - MAIN ENTRY--PERSONAL NAME
Personal name শাহনাওয়াজ, এ কে এম
9 (RLIN) 120311
245 10 - TITLE STATEMENT
Title সাম্প্রতিক প্রত্ন-গবেষণায় বাংলাদেশের সাংস্কৃতিক ঐতিহ্য পুনর্গঠনের সম্ভাবনা /
Statement of responsibility, etc. এ কে এম শাহনাওয়াজ
260 ## - PUBLICATION, DISTRIBUTION, ETC. (IMPRINT)
Place of publication, distribution, etc. ঢাকা :
Name of publisher, distributor, etc. বাংলা একাডেমী,
Date of publication, distribution, etc. ২০০৮
300 ## - PHYSICAL DESCRIPTION
Pagination ৯৬ পৃ. :
Illustrations চিত্র ;
Size ২৩ সেমি.
650 ## - SUBJECT ADDED ENTRY--TOPICAL TERM
Topical term or geographic name as entry element প্রত্নতত্ত্ব
9 (RLIN) 135324
General subdivision গবেষণা
Topical term or geographic name as entry element Archaeology
9 (RLIN) 135325
General subdivision Research
942 ## - ADDED ENTRY ELEMENTS (KOHA)
Source of classification or shelving scheme Dewey Decimal Classification
Koha item type Books
Holdings
Lost status Source of classification or shelving scheme Damaged status Not for loan Collection code Permanent Location Current Location Shelving location Date acquired Source of acquisition Cost, normal purchase price Total Checkouts Full call number Date last seen Date checked out Copy number Koha item type
  Dewey Decimal Classification     Non-fiction Central Library, University of Rajshahi Central Library, University of Rajshahi   30/07/2012 Bangla Academy, Dhaka. 120.00 1 B 930.1072 SHS 2008 24/12/2025 02/12/2025 C-2 Books
  Dewey Decimal Classification     Non-fiction Central Library, University of Rajshahi Central Library, University of Rajshahi   30/07/2012 Bangla Academy, Dhaka. 120.00 1 B 930.1072 SHS 2008 26/07/2016 14/07/2016 C-3 Books
  Dewey Decimal Classification   Not For Loan Non-fiction Central Library, University of Rajshahi Central Library, University of Rajshahi Reading Room 23/08/2009 Bangla Academy, Dhaka. 120.00   B 930.1072 SHS 2008 27/02/2017   C-1 Books